| 000 | 00666nam a2200181 a 4500 | ||
|---|---|---|---|
| 008 | 120416s1993 ||||||||||||||||| || u | ||
| 020 | _a058204653X | ||
| 050 | _aHC 103.7 Smi | ||
| 100 | _aSmith, L. Graham | ||
| 245 | 1 | 0 | _aImpact assessment and sustainable resource management |
| 260 |
_aNew York _bLongman Scientific & Technical Wiley _c1993 |
||
| 300 | _axvi, 210p. : ill | ||
| 350 | _a0.00 | ||
| 650 | _aRESOURCES | ||
| 650 | _aSUSTAINABLE DEVELOPMENT--ARAB REGION | ||
| 650 | _aIMPACT ASSESMENT | ||
| 995 |
_D0.00 _FCBU-MAIN LIBRARY (Kitwe) _H1 _I17.99 _M1 _UAVAILABLE _ZMain Library Open Access Collection |
||
| 999 |
_c46208 _d46208 |
||